Nhiệt động lực học : ( dùng cho đào tạo kỹ sư, cử nhân, cao học, nghiên cứu sinh các trường đạo học, cao đẳng, kỹ thuật)
Giới thiệu sự mở đầu của nhiệt động lực học trong kỹ thuật, trong đó nhấn mạnh đến cách tiếp cận cổ điển với nền tảng là vật lý đại cương và giải tích. Tập 1 trình bày các vấn đề về khái niệm, tính chất của nhiệt động lực họ...
Enregistré dans:
| Auteur principal: | |
|---|---|
| Format: | Livre |
| Langue: | Undetermined |
| Publié: |
Hà Nội
Khoa học và Kỹ thuật
2009
|
| Sujets: | |
| Tags: |
Ajouter un tag
Pas de tags, Soyez le premier à ajouter un tag!
|
| Thư viện lưu trữ: | Trung tâm Học liệu Trường Đại học Cần Thơ |
|---|
| LEADER | 01237nam a2200217Ia 4500 | ||
|---|---|---|---|
| 001 | CTU_176812 | ||
| 008 | 210402s9999 xx 000 0 und d | ||
| 020 | |c 188000 | ||
| 082 | |a 536.7 | ||
| 082 | |b H419/T.1 | ||
| 100 | |a Nguyễn, Quang Học | ||
| 245 | 0 | |a Nhiệt động lực học : | |
| 245 | 0 | |b ( dùng cho đào tạo kỹ sư, cử nhân, cao học, nghiên cứu sinh các trường đạo học, cao đẳng, kỹ thuật) | |
| 245 | 0 | |c Nguyễn Quang Học | |
| 260 | |a Hà Nội | ||
| 260 | |b Khoa học và Kỹ thuật | ||
| 260 | |c 2009 | ||
| 520 | |a Giới thiệu sự mở đầu của nhiệt động lực học trong kỹ thuật, trong đó nhấn mạnh đến cách tiếp cận cổ điển với nền tảng là vật lý đại cương và giải tích. Tập 1 trình bày các vấn đề về khái niệm, tính chất của nhiệt động lực học, sự bảo toàn khối lượng, năng lượng, các chu trình khí. | ||
| 650 | |a Thermodynamics,Nhiệt động lực học | ||
| 904 | |i Minh Tâm, Năm | ||
| 980 | |a Trung tâm Học liệu Trường Đại học Cần Thơ | ||